| 000 | 00458 a2200157 4500 | ||
|---|---|---|---|
| 005 | 20250629094323.0 | ||
| 020 | _a978-0-07-31715-5 | ||
| 082 | _a331.89 KAT | ||
| 100 | _aKATZ, H. C. | ||
| 245 | _aAn Introduction to collective Bargaining and Industrial Relations. | ||
| 250 | _a4th Ed. | ||
| 260 |
_aNew York, _bMc Graw-Hill Irwin, _c2008. |
||
| 300 |
_axiii, 514p.: _bGlossary & Index _c24cm |
||
| 700 | _aKOCHAN, T. A., COLVIN, A. J. S. | ||
| 942 |
_2ddc _cBKS |
||
| 999 |
_c6236 _d6236 |
||